Ill-Advised Movie Sequels Quiz Stats

 Plays Quiz Updated Mar 31, 2012

Also try: Altered Movies
Challenge
Share
Tweet
Embed
Score 0/20 Timer 07:00
0 Plays Today
Unfortunate Plot Unfortunate Sequel % Correct
A Kansas girl goes back over the rainbow only to find that an emerald city is now ruled by the voice of Miss Piggy and Yoda.The Wizard of Frank Oz
95.9%
Clownfish goes to orthodonist, loses dental hardwareFinding Nemo's Retainer
89.2%
Robin Williams dresses as an elderly woman, eats too much chiliMrs. Backfire
89%
British girl falls into rabbit hole, ends up on stage with Dolly PartonAlice in Opryland
88.9%
Wayne Manor is turned upside down after a notice is received that Alfred's boss is about to be fined for an overdue public tome.Batman Returns a Book to the Library
83.4%
Hillbilly strikes gold, pays for Sci-fi training and fights Sith LordReturn of the Jed
81.7%
Spock sacrifices himself to save his crewmates from the Queen of FunkStar Trek VII: The Wrath of Chaka Khan
81.4%
Don Vito Corleone appears in a shimmering gown and wings to grant a poor orphan girl's wishFairy Godfather
76.4%
Aged balloon salesman seals up house, submerges it to explore Marianas TrenchDown
74.6%
Grown-up Matthew Broderick fakes illness in order to avoid his civic dutyFerris Bueller's Day on Jury Duty
71.6%
Unfortunate Plot Unfortunate Sequel % Correct
Louisiana Death Row guards struggle to adopt the metric system.The Green Kilometer
70.8%
Sparkly vampire is diagnosed with lactose intolerance, refuses to stop eating ice creamThe Twilight Saga: Breaking Wind
68.8%
Aged Sully retires from scaring and moves into group homeMonsters Assisted Care Facility
67.8%
Inspector Callahan gets magic wand, training, insures punk is NOT luckyDirty Harry Potter
62.1%
Jack, Elizabeth and Will travel the seas, unwisely drink the waterPirates of the Caribbean: Montezuma's Revenge
59.9%
Nurse Ratched clones R.P. McMurphy, double hilarity ensuesTwo Flew Over the Cuckoo's Nest
51.5%
Visitors to Central American island are stalked by 65 million year old pigJurassic Pork
47.2%
Jack Hall, lazy climatologist decides he can warn the world another day; goes back to bed.The Day After the Day After Tomorrow
44.1%
Rooster Cogburn is revealed as a fraud who actually ran away before being killed.False Grit
38.4%
Bookish girl tries to convince Lefou that an angry steer is really a magically altered princeBeauty and the Beef
37.5%

You're not logged in!

Compare scores with friends on all Sporcle quizzes.
OR
Log In

You Might Also Like...

Show Comments

Extras

Top Quizzes Today


Score Distribution

Your Account Isn't Verified!

In order to create a playlist on Sporcle, you need to verify the email address you used during registration. Go to your Sporcle Settings to finish the process.

Report this User

Report this user for behavior that violates our Community Guidelines.

Details: